Comparative Study between Laparoscopic sleeve gastrectomy (LSG) versus Single Anastomosis Sleeve (SASI): (رقم التسجيلة. 179943)

تفاصيل مارك
000 -LEADER
fixed length control field 05209namaa22004451i 4500
003 - CONTROL NUMBER IDENTIFIER
control field EG-GICUC
005 - أخر تعامل مع التسجيلة
control field 20260503214907.0
008 - FIXED-LENGTH DATA ELEMENTS--GENERAL INFORMATION
fixed length control field 260503s2025 ua a|||frm||| 000 0 eng d
040 ## - CATALOGING SOURCE
Original cataloguing agency EG-GICUC
Language of cataloging eng
Transcribing agency EG-GICUC
Modifying agency EG-GICUC
Description conventions rda
041 0# - LANGUAGE CODE
Language code of text/sound track or separate title eng
Language code of summary or abstract eng
-- ara
049 ## - Acquisition Source
Acquisition Source Deposit
082 04 - DEWEY DECIMAL CLASSIFICATION NUMBER
Classification number 617.00951
092 ## - LOCALLY ASSIGNED DEWEY CALL NUMBER (OCLC)
Classification number 617.00951
Edition number 21
097 ## - Degree
Degree Ph.D
099 ## - LOCAL FREE-TEXT CALL NUMBER (OCLC)
Local Call Number Cai01.11.14.Ph.D.2025.No.U
100 0# - MAIN ENTRY--PERSONAL NAME
Authority record control number or standard number Nouh Ali Mohammed Abd El-Wahab,
Preparation preparation.
245 10 - TITLE STATEMENT
Title Comparative Study between Laparoscopic sleeve gastrectomy (LSG) versus Single Anastomosis Sleeve (SASI):
Remainder of title A Prospective Cohort Study /
Statement of responsibility, etc. by Nouh Ali Mohammed Abd El-Wahab ; Supervised Prof. Dr. Moataz Mohammed Aboelazam, Dr. Ahmed Gamal Eldin Safina, Dr. Mohanned Ali Fayed.
246 15 - VARYING FORM OF TITLE
Title proper/short title دراسة مقارنة بين جراحة تكميم المعدة بالمنظار مقابل جراحة المفاغرة اللفائفية :
Remainder of title دراسة تقدمية
264 #0 - PRODUCTION, PUBLICATION, DISTRIBUTION, MANUFACTURE, AND COPYRIGHT NOTICE
Date of production, publication, distribution, manufacture, or copyright notice 2025.
300 ## - PHYSICAL DESCRIPTION
Extent 144 pages :
Other physical details illustrations ;
Dimensions 25 cm. +
Accompanying material CD.
336 ## - CONTENT TYPE
Content type term text
Source rda content
337 ## - MEDIA TYPE
Media type term Unmediated
Source rdamedia
338 ## - CARRIER TYPE
Carrier type term volume
Source rdacarrier
502 ## - DISSERTATION NOTE
Dissertation note Thesis (Ph.D)-Cairo University, 2025.
504 ## - BIBLIOGRAPHY, ETC. NOTE
Bibliography, etc. note Bibliography: pages 113-140.
520 #3 - SUMMARY, ETC.
Summary, etc. Obesity has become a worldwide epidemic accompanied by significant <br/>adverse health effects Individuals with very high body mass index (BMI > 40 <br/>kg/m2) or obese subjects with BMI in the range of 35–40 kg/m2 with one of the <br/>obesity-associated complications are elected for surgery. Additionally, patients <br/>with type 2 diabetes (T2DM) who have insufficient blood glucose control on <br/>traditional therapy may be referred to bariatric surgery even when having a BMI <br/>value below 35 kg/m2 .LSG proved effective in promoting weight loss for <br/>individuals with a BMI < 50 kg/m2, those classified as having super obesity may <br/>encounter less favorable weight reduction outcomes after undergoing LSG. <br/><br/>The Single Anastomosis Sleeve Ileal Bypass (SASI) procedure combines <br/>aspects of two well-established procedures: Sleeve Gastrectomy and Ileal <br/>Transposition. The additional step of rerouting a section of the small intestine <br/>typically the ileum, to connect with the remaining stomach. This rearrangement <br/>alters the normal digestive pathway, potentially influencing hormonal and <br/>metabolic factors. The goal is to enhance the positive effects on weight loss and <br/>metabolic health, particularly in relation to type 2 diabetes .While SASI bypass <br/>is still a relatively new procedure, early research suggests promising outcomes <br/>in terms of weight loss and metabolic improvement.
520 #3 - SUMMARY, ETC.
Summary, etc. أصبحت عملية تكميم المعدة بالمنظار بسبب سهولتها التقنية وانخفاض معدلات الإصابة والمضاعفات، الطريقة الأكثر استخدامًا في العلاج الجراحي للسمنة المفرطة. كما أثبتت أيضا عملية تكميم المعدة فعاليتها في تعزيز فقدان الوزن لدى الأفراد الذين لديهم مؤشر كتلة جسم أقل من 50 كجم/م2، وقد يواجه أولئك المصنفون على أنهم يعانون من سمنة مفرطة نتائج أقل ملاءمة لفقدان الوزن بعد الخضوع <br/>لا تزال عملية توصيل الامعاء بنقطة واحدة بعد التكميم (SASI) إجراءً جديدًا نسبيًا، وتشير الأبحاث المبكرة إلى نتائج واعدة من حيث فقدان الوزن وتحسين التمثيل الغذائي.<br/>أجرينا دراسة مقارنة مستقبلية شملت 100 مريض مُصنفين إلى مجموعتين، 50 مريضًا لكل مجموعة في مستشفيات جامعة القاهرة بين يناير 2024 ويوليو 2025.<br/>في هذه الدراسة، هدفنا إلى المقارنة بين عملية تكميم المعدة بالمنظار (LSG) وعملية توصيل الامعاء بنقطة واحدة بعد التكميم (SASI) في فقدان الوزن والأمراض المصاحبة، وخاصة ارتفاع ضغط الدم ومرض السكري.<br/> أظهرت النتائج أن عملية توصيل الامعاء بنقطة واحدة بعد التكميم (SASI) أكثر فعالية في إنقاص الوزن ونسبة فقدان الوزن الزائد ومؤشر كتلة الجسم بعد 6 أشهر من عملية تكميم المعدة بالمنظار (LSG).
530 ## - ADDITIONAL PHYSICAL FORM AVAILABLE NOTE
Issues CD Issues also as CD.
546 ## - LANGUAGE NOTE
Text Language Text in English and abstract in Arabic & English.
650 #0 - SUBJECT ADDED ENTRY--TOPICAL TERM
Topical term or geographic name entry element General Surgery
650 #0 - SUBJECT ADDED ENTRY--TOPICAL TERM
Topical term or geographic name entry element الجراحة العامة
653 #0 - INDEX TERM--UNCONTROLLED
Uncontrolled term Both SASI and
-- LSG sleeve ileal
-- bypass SASI
700 0# - ADDED ENTRY--PERSONAL NAME
Personal name Moataz Mohammed Aboelazam
Relator term thesis advisor.
700 0# - ADDED ENTRY--PERSONAL NAME
Personal name Ahmed Gamal Eldin Safina
Relator term thesis advisor.
700 0# - ADDED ENTRY--PERSONAL NAME
Personal name Mohanned Ali Fayed
Relator term thesis advisor.
900 ## - Thesis Information
Grant date 01-01-2025
Supervisory body Moataz Mohammed Aboelazam
-- Ahmed Gamal Eldin Safina
-- Mohanned Ali Fayed
Universities Cairo University
Faculties faculty of Medicine
Department Department of General Surgery.
905 ## - Cataloger and Reviser Names
Cataloger Name Shimaa
942 ## - ADDED ENTRY ELEMENTS (KOHA)
Source of classification or shelving scheme Dewey Decimal Classification
Koha item type Thesis
Edition 21
Suppress in OPAC No
المقتنيات
Source of classification or shelving scheme Home library Current library Date acquired Inventory number Full call number Barcode Date last seen Effective from Koha item type
Dewey Decimal Classification المكتبة المركزبة الجديدة - جامعة القاهرة قاعة الرسائل الجامعية - الدور الاول 03.05.2026 93963 Cai01.11.14.Ph.D.2025.No.U 01010110093963000 03.05.2026 03.05.2026 Thesis
Cairo University Libraries Portal Implemented & Customized by: Eng. M. Mohamady Contacts: new-lib@cl.cu.edu.eg | cnul@cl.cu.edu.eg
CUCL logo CNUL logo
© All rights reserved — Cairo University Libraries
CUCL logo
Implemented & Customized by: Eng. M. Mohamady Contact: new-lib@cl.cu.edu.eg © All rights reserved — New Central Library
CNUL logo
Implemented & Customized by: Eng. M. Mohamady Contact: cnul@cl.cu.edu.eg © All rights reserved — Cairo National University Library